000 02602cam a22005294a 4500
001 muse74707
003 MdBmJHUP
005 20210127151455.0
006 m o d
007 cr||||||||nn|n
008 180213s2018 ncu o 00 0 eng d
010 _z 2018004045
020 _a9780822372011
020 _z9780822370444 (hardcover : alk. paper)
020 _z9780822370567 (pbk. : alk. paper)
035 _a(OCoLC)1132227053
040 _aMdBmJHUP
_cMdBmJHUP
043 _aa-tu---
_an-us-nh
_ae-gx---
050 0 4 _aJV6225
_b.S564 2018
082 0 _a305.9/06912091732
_223
100 1 _aSimsek-Caglar, Ayse,
_eauthor.
245 1 0 _aMigrants and City-Making
_bDispossession, Displacement, and Urban Regeneration /
_cAyşe Çağlar and Nina Glick Schiller.
264 1 _bDuke University Press,
264 3 _bProject MUSE,
300 _a1 online resource (xii, 280 pages) :
_billustrations, maps ;
504 _aIncludes bibliographical references and index.
505 0 _aIntroduction: Multiscalar city-making and emplacement: processes, concepts, and methods -- Introducing three cities : similarities despite difference -- Welcoming narratives : small migrant businesses within multiscalar restructuring -- They are us : urban sociabilities within multiscalar power -- Social citizenship of the dispossessed : embracing global Christianity -- "A city searching for its future in its past" : the multiscalar emplacement of returnees -- Conclusion: time, space, and agency.
506 0 _aOpen Access
_fUnrestricted online access
_2star
588 _aDescription based on print version record.
650 0 _aCity planning
_zGermany
_zHalle an der Saale.
650 0 _aCity planning
_zNew Hampshire
_zManchester.
650 0 _aCity planning
_zTurkey
_zMardin.
650 0 _aImmigrants
_zGermany
_zHalle an der Saale.
650 0 _aImmigrants
_zNew Hampshire
_zManchester.
650 0 _aImmigrants
_zTurkey
_zMardin.
650 0 _aEmigration and immigration
_xSocial aspects.
655 7 _aElectronic books.
_2local
700 1 _aSchiller, Nina Glick,
_eauthor.
776 1 8 _iOnline version:
_tMigrants and city-making
_dDurham : Duke University Press, 2018
_z9780822372011
_w(DLC) 2018008084
710 2 _aProject Muse.
_edistributor
830 0 _aBook collections on Project MUSE.
856 4 0 _zFull text available:
_uhttps://muse.jhu.edu/book/65104/
999 _c25878
_d25878